LEADER 01259cam0-22003851i-450- 001 990002965680403321 005 20050225125738.0 010 $a88-464-2221-X 035 $a000296568 035 $aFED01000296568 035 $a(Aleph)000296568FED01 035 $a000296568 100 $a20030910d2000----km-y0itay50------ba 101 0 $aita 102 $aIT 200 1 $a<>piccole e medie imprese nell'economia italiana$erapporto 2000$eil punto di osservazione delle camere di commercio$fUnioncamere$grealizzato con l'Istituto Guglielmo Tagliacarne 210 $aMilano$cF. Angeli$dc2000 215 $a248 p.$d23 cm 225 1 $aUnioncamere, Centro studi$v17 300 $aSegue: Appendice metodologica 610 0 $aIndagini statistiche$aPiccole imprese$a2000 610 0 $aIndagini statistiche$aMedie imprese$a2000 610 0 $aPiccole imprese$aItalia 676 $a338.7 710 02$aUnioncamere$0422533 712 02$aIstituto Guglielmo Tagliacarne 801 0$aIT$bUNINA$gRICA$2UNIMARC 901 $aBK 912 $a990002965680403321 952 $aG/3.342 UNI$b19014$fSES 952 $aXXX-F-138$b7736$fMAS 959 $aMAS 959 $aSES 996 $aPiccole e medie imprese nell'economia italiana$9466001 997 $aUNINA LEADER 00888cam0-2200289---450 001 990004015170403321 005 20260224132509.0 035 $a000401517 035 $aFED01000401517 035 $a(Aleph)000401517FED01 100 $a19990604d1982----km-y0itay50------ba 101 0 $aita 102 $aIT 105 $a--------001yy 200 1 $a<>discorso omiletico$emateriali per uno studio pragmalinguistico di processi comunicativi in ambito istituzionale$fGiovanni Rovere 210 $aRoma ; Basilea$cCentro di studi sull'emigrazione$d1982 215 $a432 p.$d21 cm 610 0 $aOratoria 676 $a808.5$v22$zita 700 1$aRovere,$bGiovanni$0152145 801 0$aIT$bUNINA$gRICA$2UNIMARC 901 $aBK 912 $a990004015170403321 952 $a450.147 ROVE 01$bDip.f.m.815$fFLFBC 959 $aFLFBC 996 $aDiscorso omiletico$9472921 997 $aUNINA